000 00342nam a2200145Ia 4500
008 150201s2011 xx 000 0 und d
082 _a611
_bH11S
100 _aSINGH, INDERBIR
245 _aTB. OF HUMAN HISTOLOGY
250 _a6th Ed.
260 _bJAYPEE
_aDELHI
_c2011
300 _a1-386
650 _aHUMAN ANATOMY
942 _2ddc
_cBK
_04
999 _c1255
_d1255